| 000 | 00371nam a22001577a 4500 | ||
|---|---|---|---|
| 003 | OSt | ||
| 005 | 20250820163221.0 | ||
| 008 | 250820b |||||||| |||| 00| 0 eng d | ||
| 020 | _a9781847940728 | ||
| 040 | _cc.c | ||
| 100 |
_aConaty bill _9818259 |
||
| 245 | _aThe talent management | ||
| 546 | _aenglish | ||
| 700 |
_aRam charan _9288561 |
||
| 942 |
_2CC _cGB _kX:8 _n0 |
||
| 999 |
_c1434815 _d1434815 |
||